Ciencias naturales 7 /

Guardado en:
Autor Principal: Adragna, Elena Beatriz
Otros Autores: Bellio de Lauge, Graciela Teresa, Cavallotto, José Luis, Adragna, Omar José
Formato: Libro
Publicado: México : Harla, 1997
Series:Convivencias hoy
Materias:
Etiquetas: Agregar Etiqueta
Sin Etiquetas, Sea el primero en etiquetar este registro!
LEADER 01572nam a22003015a 4500
001 CEM.cems010024
008 130507s1997##################000#0#####d
005 20241210120228.0
245 1 0 |a Ciencias naturales 7 /  |c Elena Beatriz Adragna ... [et Al.] 
260 |a México :  |b Harla,  |c 1997 
300 |a 174 p. 
490 0 |a Convivencias hoy 
500 |a Para nivel Educación General Básica 
505 0 |a Las ciencias naturales y el hombre -- Un componente universal: la materia -- El Universo en movimiento: la energía -- Las fuerzas del Universo -- El mundo de las ondas -- La Tierra en el espacio -- Los seres vivos y su ambiente -- La célula y las funciones vitales -- La nutrición en los seres vivos -- La reproducción en los seres vivos -- El hombre y el medio ambiente -- Las necesidades básicas del ser humano y la salud - Los avances tecnológicos: de cara al siglo XXI 
020 |a 9706131949 
100 1 |a Adragna, Elena Beatriz 
700 1 |a Bellio de Lauge, Graciela Teresa 
700 1 |a Cavallotto, José Luis 
700 1 |a Adragna, Omar José 
082 0 4 |a Z570 
653 |a Ciencias naturales 
653 |a Ciencias naturales-7ºegb 
653 |a Biología 
653 |a Ciencias naturales-educación general básica 
859 |a CEMS  |b BIB. CEMS - 11 de abril  |h 570  |i Ad81-1  |p 20510.99  |t Ej.1  |v 7º  |3 7º 
859 |a CEMS  |b BIB. CEMS - 11 de abril  |h 570  |i Ad81-1  |p 20511.99  |t Ej.2  |v 7º  |3 7º 
859 |a CEMS  |b BIB. CEMS - 11 de abril  |h 570  |i Ad81-1  |p 20512.99  |t Ej.3  |v 7º  |3 7º 
859 |a CEMS  |b BIB. CEMS - 11 de abril  |h 570  |i Ad81-1  |p 20513.99  |t Ej.4  |v 7º  |3 7º